[Event "DVM U12 2015"]
[Site "Magdeburg GER"]
[Date "2015.12.27"]
[Round "1"]
[White "Schmidt, Paul"]
[Black "Grunert, Wilhelm"]
[Result "0-1"]
[Termination "normal"]
[Board "4.4"]
[WhiteElo "1504"]
[BlackElo "1374"]
[WhiteTeam "Hagener SV"]
[BlackTeam "SK München Südost"]
[PlyCount "66"]
[WhiteFideId "16214137"]
[BlackFideId "12995673"]
[EventCountry "GER"]
[EventRounds "7"]
[EventType "team-swiss"]
[EventDate "2015.12.26"]

1. d4 d5 2. Bf4 Nf6 3. e3 Nbd7 4. Nf3 e6 5. c3 Be7 6. Bd3 O-O 7. O-O b6 8. Qc2
Bb7 9. Nbd2 Rc8 10. Rfe1 c5 11. dxc5 bxc5 12. Ng5 c4 13. Bxh7+ Kh8 14. Qb1 Ng4
15. Ngf3 f5 16. Bg6 Bh4 17. g3 Bf6 18. Bh5 e5 19. Qxf5 Nxf2 20. Kxf2 exf4 21.
Bg4 fxg3+ 22. hxg3 Ne5 23. Qh5+ Kg8 24. Nxe5 Bxe5+ 25. Kg2 d4+ 26. Kh2 Rf2+ 27.
Kh3 Bg2+ 28. Kh2 Be4+ 29. Kh3 Rc6 30. Qxe5 Rh6+ 31. Bh5 Bf5+ 32. g4 Rxh5+ 33.
Kg3 Qh4# 0-1

[Event "DVM U12 2015"]
[Site "Magdeburg GER"]
[Date "2015.12.27"]
[Round "1"]
[White "Liebold, Aaron"]
[Black "Grabbel, Lennart Christian"]
[Result "0-1"]
[Termination "normal"]
[Board "5.1"]
[WhiteElo "1666"]
[BlackElo "1687"]
[WhiteTeam "ESV Gera"]
[BlackTeam "Hamburger SK von 1830"]
[PlyCount "168"]
[WhiteFideId "12997846"]
[BlackFideId "16201620"]
[EventCountry "GER"]
[EventRounds "7"]
[EventType "team-swiss"]
[EventDate "2015.12.26"]

1. e4 e5 2. Nf3 Nc6 3. Bc4 Bc5 4. d3 Nf6 5. Nc3 d6 6. Be3 Bb6 7. h3 O-O 8. O-O
Be6 9. Bxe6 fxe6 10. d4 exd4 11. Nxd4 Nxd4 12. Bxd4 e5 13. Bxb6 axb6 14. Qd3
Kh8 15. Rae1 Nh5 16. Qd1 Nf4 17. Qg4 Rf6 18. Qh4 Nxg2 19. Kxg2 Rg6+ 20. Qg3 Qg8
21. Re3 Rf8 22. Nd5 Qf7 23. f3 c6 24. Nb4 Rxg3+ 25. Kxg3 Qc4 26. Nd3 Qxc2 27.
Rf2 Qc4 28. b3 Qd4 29. Rfe2 Kg8 30. Nf2 Qa1 31. Kg2 Rf6 32. Nh1 h5 33. Ng3 Rg6
34. Kf2 Rxg3 35. Re1 Qxe1+ 36. Rxe1 Rg6 37. b4 b5 38. Re3 Rf6 39. Ra3 Rf7 40.
Ra8+ Rf8 41. Ra7 Rb8 42. Kg3 Kf7 43. Kh4 g6 44. Kg5 Kg7 45. a3 Kf7 46. h4 Kg7
47. a4 bxa4 48. Rxa4 Rf8 49. Ra7 Rf7 50. Ra3 d5 51. Rd3 d4 52. Ra3 b6 53. Ra6
Rxf3 54. Ra7+ Rf7 55. Ra6 Rb7 56. b5 c5 57. Ra8 Rf7 58. Ra6 Rf4 59. Ra7+ Kf8
60. Kxg6 Rxh4 61. Kf6 Ke8 62. Kxe5 d3 63. Ra3 c4 64. Kd4 d2 65. Ra1 Ke7 66. Rd1
c3 67. Kxc3 Rxe4 68. Rxd2 Re6 69. Rd5 Rh6 70. Rd3 h4 71. Rh3 Kd6 72. Kd4 Rh5
73. Kc4 Ke5 74. Re3+ Kf5 75. Rf3+ Kg5 76. Rd3 Rh6 77. Rd8 h3 78. Rg8+ Kh4 79.
Rd8 h2 80. Rd4+ Kg3 81. Rd3+ Kf2 82. Rd2+ Ke1 83. Rxh2 Rxh2 84. Kd5 Rh6 0-1

[Event "DVM U12 2015"]
[Site "Magdeburg GER"]
[Date "2015.12.27"]
[Round "1"]
[White "Müller, Marvin"]
[Black "Schubert, Nikita"]
[Result "1/2-1/2"]
[Termination "normal"]
[Board "5.2"]
[WhiteElo "1536"]
[BlackElo "1652"]
[WhiteTeam "Hamburger SK von 1830"]
[BlackTeam "ESV Gera"]
[PlyCount "74"]
[WhiteFideId "16214528"]
[BlackFideId "16212339"]
[EventCountry "GER"]
[EventRounds "7"]
[EventType "team-swiss"]
[EventDate "2015.12.26"]

1. e4 e5 2. Nf3 Nc6 3. Bc4 Bc5 4. c3 Nf6 5. d3 h6 6. b4 Bb6 7. Qb3 O-O 8. h3 d6
9. Nbd2 Qe7 10. Nh4 Kh7 11. O-O Be6 12. Nf5 Qd7 13. Bxe6 Qxe6 14. Qxe6 fxe6 15.
Ng3 g6 16. Nf3 a5 17. b5 Na7 18. a4 Nd7 19. Be3 Nc8 20. Bxb6 Ncxb6 21. d4 exd4
22. cxd4 e5 23. dxe5 Nxe5 24. Nxe5 dxe5 25. Rfc1 Rac8 26. f3 Nd7 27. Ra2 b6 28.
Kf2 Nc5 29. Ke3 Rfd8 30. Rc3 Kg7 31. Ne2 Kf6 32. Nc1 Rd4 33. g4 Rb4 34. Ne2 Rb3
35. Rxb3 Nxb3 36. Ra3 Nc5 37. h4 Rd8 1/2-1/2

[Event "DVM U12 2015"]
[Site "Magdeburg GER"]
[Date "2015.12.27"]
[Round "1"]
[White "Schulter, Moritz"]
[Black "Weber, Kian"]
[Result "0-1"]
[Termination "normal"]
[Board "5.3"]
[WhiteElo "1220"]
[BlackElo "1343"]
[WhiteTeam "ESV Gera"]
[BlackTeam "Hamburger SK von 1830"]
[PlyCount "64"]
[WhiteFideId "16245067"]
[BlackFideId "16234928"]
[EventCountry "GER"]
[EventRounds "7"]
[EventType "team-swiss"]
[EventDate "2015.12.26"]

1. e4 e5 2. Nf3 Nc6 3. Bc4 Bc5 4. c3 Nf6 5. d3 d6 6. Nbd2 h6 7. b4 Bb6 8. Bb3
a6 9. Nf1 Bg4 10. Ng3 Nh7 11. h3 Be6 12. Bc2 Qf6 13. O-O Qg6 14. d4 exd4 15. e5
f5 16. cxd4 dxe5 17. d5 Qxg3 18. dxe6 Rd8 19. Qe2 e4 20. Ng5 Nxg5 21. Qh5+ Ke7
22. Bxg5+ hxg5 23. Qf7+ Kd6 24. Rad1+ Ke5 25. Qxg7+ Kf4 26. Kh1 Rxh3+ 27. gxh3
Qxh3+ 28. Kg1 Rh8 29. Qxh8 Qxh8 30. Kg2 Qh4 31. f3 Qg3+ 32. Kh1 Qh3# 0-1

[Event "DVM U12 2015"]
[Site "Magdeburg GER"]
[Date "2015.12.27"]
[Round "1"]
[White "Fuhrmann, Philipp"]
[Black "Helmsdorf, Marius"]
[Result "1-0"]
[Termination "normal"]
[Board "5.4"]
[WhiteElo "1190"]
[BlackElo "1220"]
[WhiteTeam "Hamburger SK von 1830"]
[BlackTeam "ESV Gera"]
[PlyCount "73"]
[WhiteFideId "16227557"]
[BlackFideId "16274873"]
[EventCountry "GER"]
[EventRounds "7"]
[EventType "team-swiss"]
[EventDate "2015.12.26"]

1. e4 c6 2. Nf3 d5 3. exd5 cxd5 4. d4 Nf6 5. Nc3 Nc6 6. Bb5 Bf5 7. Bf4 e6 8.
Ne5 Rc8 9. Nxc6 Rxc6 10. Bxc6+ bxc6 11. a3 Qb6 12. b4 Qa6 13. Qe2 Qxe2+ 14.
Nxe2 Bxc2 15. Rc1 Ba4 16. Nc3 Bb3 17. O-O Be7 18. Bg5 O-O 19. Rfe1 Ra8 20. Rb1
Bc4 21. Rec1 a5 22. bxa5 Rxa5 23. Rb8+ Bf8 24. Bf4 h6 25. Bd6 Nh7 26. Rd8 g6
27. Rb1 Kg7 28. Be5+ f6 29. Rb7+ Kg8 30. Bd6 h5 31. Rbb8 Kg7 32. Bxf8+ Nxf8 33.
a4 Bb3 34. Rxf8 Bxa4 35. Ra8 Bb3 36. Rxa5 Kxf8 37. Ra6 1-0

[Event "DVM U12 2015"]
[Site "Magdeburg GER"]
[Date "2015.12.27"]
[Round "1"]
[White "Hüls, Maximilian"]
[Black "Leonard, Timo"]
[Result "1-0"]
[Termination "normal"]
[Board "6.1"]
[WhiteElo "1671"]
[BlackElo "1880"]
[WhiteTeam "SV Mattnetz Berlin"]
[BlackTeam "TuS Ende 1892"]
[PlyCount "57"]
[WhiteFideId "12949698"]
[BlackFideId "16208757"]
[EventCountry "GER"]
[EventRounds "7"]
[EventType "team-swiss"]
[EventDate "2015.12.26"]

1. e4 e6 2. c4 d5 3. exd5 exd5 4. cxd5 Nf6 5. Bc4 Nbd7 6. Nc3 Nb6 7. Bb3 Be7 8.
h3 O-O 9. Nf3 Nbxd5 10. O-O Re8 11. d4 Bf5 12. Ne5 c6 13. Qf3 Bg6 14. Nxg6 hxg6
15. Be3 Bb4 16. Rac1 Qd7 17. Nxd5 Nxd5 18. Bxd5 cxd5 19. a3 Ba5 20. Rc5 Bb6 21.
Rxd5 Qa4 22. Rc1 Rac8 23. Rxc8 Rxc8 24. Qg4 Rc2 25. Re5 Rxb2 26. Qc8+ Kh7 27.
Re8 Qd1+ 28. Kh2 Bc7+ 29. Qxc7 1-0

[Event "DVM U12 2015"]
[Site "Magdeburg GER"]
[Date "2015.12.27"]
[Round "1"]
[White "Blinov, Sergei"]
[Black "Bui, Bao Anh Le"]
[Result "0-1"]
[Termination "normal"]
[Board "6.2"]
[WhiteElo "1214"]
[BlackElo "1675"]
[WhiteTeam "TuS Ende 1892"]
[BlackTeam "SV Mattnetz Berlin"]
[PlyCount "98"]
[BlackFideId "12970719"]
[EventCountry "GER"]
[EventRounds "7"]
[EventType "team-swiss"]
[EventDate "2015.12.26"]

1. e4 c5 2. Nf3 d6 3. Nc3 a6 4. d3 Nc6 5. Be2 g6 6. Bg5 Bg7 7. Qd2 b5 8. Rb1
Nf6 9. O-O O-O 10. a3 Bb7 11. h3 Re8 12. Rfe1 Qc7 13. Na2 Rac8 14. Nc3 Nd4 15.
Rbc1 Nxf3+ 16. Bxf3 e6 17. Qf4 Nd7 18. Bh4 Ne5 19. Bg3 b4 20. axb4 cxb4 21. Ne2
Nxf3+ 22. Qxf3 Bxb2 23. Rb1 Qxc2 24. Bxd6 b3 25. Qe3 Red8 26. Qb6 Rd7 27. Nd4
Bxd4 28. Qxd4 Qc6 29. Rxb3 Rxd6 30. Qb2 Rd7 31. Rb1 Rcc7 32. Rb6 Qc5 33. Rb3
Bc8 34. Rb4 Rb7 35. Rxb7 Rxb7 36. Qa2 Rxb1+ 37. Qxb1 Qb5 38. Qc2 Bd7 39. Qc7
Qxd3 40. Qb8+ Kg7 41. Qb2+ f6 42. e5 f5 43. Qb8 Bb5 44. Qc7+ Qd7 45. Qc3 Bc6
46. Qg3 a5 47. Qg5 Qf7 48. Qd2 a4 49. Qc3 Qb7 0-1

[Event "DVM U12 2015"]
[Site "Magdeburg GER"]
[Date "2015.12.27"]
[Round "1"]
[White "Stockter, Jasper Enno"]
[Black "Dehn, Lukas"]
[Result "1-0"]
[Termination "normal"]
[Board "6.3"]
[WhiteElo "1479"]
[BlackElo "1104"]
[WhiteTeam "SV Mattnetz Berlin"]
[BlackTeam "TuS Ende 1892"]
[PlyCount "43"]
[WhiteFideId "12957291"]
[EventCountry "GER"]
[EventRounds "7"]
[EventType "team-swiss"]
[EventDate "2015.12.26"]

1. e4 e5 2. Nf3 f6 3. d4 d6 4. dxe5 fxe5 5. Bc4 Nc6 6. Ng5 Nh6 7. Be6 Bxe6 8.
Nxe6 Qf6 9. Nxc7+ Kd8 10. Nxa8 Be7 11. Be3 Ng4 12. Qxg4 Nd4 13. Bxd4 exd4 14.
Qf5 Qh6 15. O-O Rf8 16. Qa5+ Ke8 17. Nc7+ Kf7 18. Qd5+ Kg6 19. Qe6+ Bf6 20. Nd5
Kg5 21. Qf5+ Kh4 22. g3# 1-0

[Event "DVM U12 2015"]
[Site "Magdeburg GER"]
[Date "2015.12.27"]
[Round "1"]
[White "Rapoport, Valerie"]
[Black "Schauties, Nico Antonio"]
[Result "0-1"]
[Termination "normal"]
[Board "6.4"]
[WhiteElo "1093"]
[BlackElo "1593"]
[WhiteTeam "TuS Ende 1892"]
[BlackTeam "SV Mattnetz Berlin"]
[PlyCount "80"]
[WhiteFideId "12952427"]
[BlackFideId "16206371"]
[EventCountry "GER"]
[EventRounds "7"]
[EventType "team-swiss"]
[EventDate "2015.12.26"]

1. e4 e6 2. d3 d5 3. exd5 exd5 4. d4 Bd6 5. Nc3 Nf6 6. Bg5 c6 7. Nf3 O-O 8. Be2
Re8 9. O-O Nbd7 10. Re1 Qc7 11. Qd2 Ne4 12. Qe3 Ndf6 13. Bxf6 Nxf6 14. Qg5 Ne4
15. Qe3 Bd7 16. Qd3 Bf5 17. Nb1 Bg6 18. Nbd2 Nxf2 19. Qc3 Ng4 20. Nf1 a5 21.
Rab1 Bb4 22. Qb3 Bxe1 23. Rxe1 Re7 24. c3 Rae8 25. Qd1 Qd6 26. Ng3 Ne3 27. Qd2
Qf4 28. Nf1 Nxg2 29. Kxg2 Qxd2 30. N1xd2 Rxe2+ 31. Rxe2 Rxe2+ 32. Kf1 Bd3 33.
Kg1 Be4 34. Kf1 Bxf3 35. Nxf3 Rxb2 36. a3 Rb3 37. a4 Rxc3 38. Kg2 Rc4 39. Kf2
Rxa4 40. Ke2 Ra2+ 0-1

[Event "DVM U12 2015"]
[Site "Magdeburg GER"]
[Date "2015.12.27"]
[Round "1"]
[White "Jakob, Georg"]
[Black "Noever, Niklas"]
[Result "1-0"]
[Termination "normal"]
[Board "7.1"]
[WhiteElo "1459"]
[BlackElo "1592"]
[WhiteTeam "SG Königskinder Hohentübingen"]
[BlackTeam "Rheydter SV 1920"]
[PlyCount "53"]
[WhiteFideId "16224221"]
[BlackFideId "12988642"]
[EventCountry "GER"]
[EventRounds "7"]
[EventType "team-swiss"]
[EventDate "2015.12.26"]

1. e4 c5 2. d4 cxd4 3. c3 dxc3 4. Nxc3 Nc6 5. Nf3 d6 6. Bc4 Nf6 7. O-O Bg4 8.
Qb3 e6 9. Qxb7 Rc8 10. Bb5 Qc7 11. Qxc7 Rxc7 12. Nd4 Kd7 13. Nxc6 Rxc6 14.
Bxc6+ Kxc6 15. Be3 a6 16. f3 Bh5 17. Rac1 Kd7 18. Na4 e5 19. Nb6+ Ke6 20. Rc6
Be7 21. Nc4 Ra8 22. Rd1 Nxe4 23. g4 Bg6 24. fxe4 Bxe4 25. Rb6 f5 26. gxf5+ Bxf5
27. Nxd6 1-0

[Event "DVM U12 2015"]
[Site "Magdeburg GER"]
[Date "2015.12.27"]
[Round "1"]
[White "Bartels, Simon"]
[Black "Wang, Xinyuan"]
[Result "0-1"]
[Termination "normal"]
[Board "7.2"]
[WhiteElo "1512"]
[BlackElo "1255"]
[WhiteTeam "Rheydter SV 1920"]
[BlackTeam "SG Königskinder Hohentübingen"]
[PlyCount "118"]
[WhiteFideId "12990140"]
[BlackFideId "16221494"]
[EventCountry "GER"]
[EventRounds "7"]
[EventType "team-swiss"]
[EventDate "2015.12.26"]

1. e4 c5 2. Nc3 Nc6 3. d3 d6 4. g3 g6 5. Bg2 Bg7 6. Nh3 e6 7. O-O a6 8. Bd2
Nge7 9. f4 O-O 10. Qe1 f5 11. Rb1 Nb4 12. Qd1 a5 13. a3 Nbc6 14. Ne2 a4 15. Qe1
Qc7 16. Kh1 Bd7 17. Ng5 Rae8 18. Ng1 h6 19. N5h3 Nd4 20. c3 Ndc6 21. Bf3 Kh7
22. Qe2 e5 23. exf5 Bxf5 24. g4 Bd7 25. f5 gxf5 26. gxf5 Bxf5 27. Be4 d5 28.
Bxf5+ Nxf5 29. Qh5 Nce7 30. Ng5+ Kg8 31. Ne6 Qc6 32. Nxf8 Rxf8 33. Qg4 Rf6 34.
Qe2 Rg6 35. Rf2 Qf6 36. Rbf1 Qh4 37. Rg2 Ng3+ 38. Rxg3 Rxg3 39. Qf2 Rg4 40.
Bxh6 Qxf2 41. Rxf2 Bxh6 42. Rf6 Be3 43. Ne2 Ng6 44. h3 Rg5 45. Rb6 Nf4 46. Nxf4
exf4 47. Rxb7 f3 48. Rb8+ Kg7 49. Rb7+ Kg6 50. Rb6+ Kf5 51. Rb8 Rg6 52. Rf8+
Rf6 53. Rxf6+ Kxf6 54. Kh2 Kg5 55. Kg3 f2 56. Kg2 Kh4 57. c4 d4 58. b4 axb3 59.
a4 b2 0-1

[Event "DVM U12 2015"]
[Site "Magdeburg GER"]
[Date "2015.12.27"]
[Round "1"]
[White "Aptyka, Tim"]
[Black "Leßmann, Sönke"]
[Result "1/2-1/2"]
[Termination "normal"]
[Board "7.3"]
[WhiteElo "1298"]
[BlackElo "1348"]
[WhiteTeam "SG Königskinder Hohentübingen"]
[BlackTeam "Rheydter SV 1920"]
[PlyCount "105"]
[WhiteFideId "16255860"]
[BlackFideId "16222520"]
[EventCountry "GER"]
[EventRounds "7"]
[EventType "team-swiss"]
[EventDate "2015.12.26"]

1. d4 Nf6 2. Nf3 e6 3. e3 d5 4. Bd2 b6 5. Bd3 Bd6 6. O-O O-O 7. b3 Bb7 8. Re1
Nbd7 9. c4 c6 10. cxd5 cxd5 11. Nc3 Bb4 12. Nb5 Bxd2 13. Qxd2 a6 14. Nc3 Qe7
15. e4 dxe4 16. Bxe4 Nxe4 17. Nxe4 Rac8 18. Qd3 Rfd8 19. Neg5 Nf6 20. Rad1 h6
21. Nh3 Qb4 22. Ne5 Qc3 23. Qxc3 Rxc3 24. Nf4 Nd5 25. Ne2 Rc2 26. a3 Rdc8 27.
Rc1 b5 28. Nd3 Kh7 29. Nc5 Rxc1 30. Rxc1 Rc7 31. f3 Kg6 32. Kf2 a5 33. Kg3 b4
34. axb4 axb4 35. Nxb7 Rxb7 36. Nf4+ Nxf4 37. Kxf4 Kf6 38. g4 g5+ 39. Ke4 Ke7
40. Rd1 Rc7 41. Rd3 Rc2 42. h3 Re2+ 43. Re3 Rxe3+ 44. Kxe3 Kd6 45. Ke4 f6 46.
f4 gxf4 47. Kxf4 Kd5 48. Ke3 e5 49. dxe5 Kxe5 50. h4 Kd5 51. Kd3 Ke5 52. Ke3
Kd5 53. Kd3 1/2-1/2

[Event "DVM U12 2015"]
[Site "Magdeburg GER"]
[Date "2015.12.27"]
[Round "1"]
[White "Hansen, Jonah"]
[Black "Dunder, Tim"]
[Result "1-0"]
[Termination "normal"]
[Board "7.4"]
[WhiteElo "1073"]
[BlackElo "922"]
[WhiteTeam "Rheydter SV 1920"]
[BlackTeam "SG Königskinder Hohentübingen"]
[PlyCount "97"]
[WhiteFideId "16276841"]
[EventCountry "GER"]
[EventRounds "7"]
[EventType "team-swiss"]
[EventDate "2015.12.26"]

1. e4 c5 2. Nf3 a6 3. Bc4 e6 4. O-O Nc6 5. Be2 Qc7 6. d3 Nf6 7. Nc3 g6 8. h3
Bg7 9. Be3 Ng8 10. Bxc5 d6 11. Be3 d5 12. d4 Nge7 13. e5 Bd7 14. Qd2 f6 15. Bf4
fxe5 16. dxe5 Nxe5 17. Nxe5 Bxe5 18. Bxe5 Qxe5 19. Rae1 Qc7 20. Qd4 O-O-O 21.
Bg4 Nc6 22. Qc5 b6 23. Qa3 Nb8 24. Bxe6 Bxe6 25. Rxe6 d4 26. Ne4 Qxc2 27. b3
Qc7 28. Rc1 Qxc1+ 29. Qxc1+ Kb7 30. Nd6+ Ka8 31. Nf7 Rc8 32. Qf4 Rhf8 33. Qe4+
Nc6 34. Rxc6 Rxc6 35. Qxc6+ Ka7 36. Nd6 Rb8 37. Nc8+ Rxc8 38. Qxc8 d3 39. Kf1
d2 40. Ke2 d1=Q+ 41. Kxd1 g5 42. Kd2 g4 43. h4 g3 44. f3 b5 45. Kd3 b4 46. Kd4
h5 47. Kc5 a5 48. Kc6 a4 49. Qb7# 1-0

[Event "DVM U12 2015"]
[Site "Magdeburg GER"]
[Date "2015.12.27"]
[Round "1"]
[White "Krastev, Alexander"]
[Black "Triantafillidis, Simeon"]
[Result "1-0"]
[Termination "normal"]
[Board "8.1"]
[WhiteElo "1925"]
[BlackElo "1595"]
[WhiteTeam "Biebertaler SF"]
[BlackTeam "SF HN-Biberach 1978"]
[PlyCount "101"]
[WhiteFideId "12989983"]
[BlackFideId "12953113"]
[EventCountry "GER"]
[EventRounds "7"]
[EventType "team-swiss"]
[EventDate "2015.12.26"]

1. e4 e5 2. Nf3 Nc6 3. Bc4 Nf6 4. d3 Be7 5. Nbd2 d6 6. c3 Bg4 7. h3 Bh5 8. Nf1
O-O 9. Ng3 Bg6 10. O-O Qd7 11. Bb3 Rad8 12. Re1 Rfe8 13. Nh4 Na5 14. Ba4 b5 15.
Bc2 a6 16. Nhf5 d5 17. Nxe7+ Rxe7 18. Bg5 Ree8 19. Bxf6 gxf6 20. Qf3 Qe6 21. b4
Nc6 22. Bb3 Ne7 23. exd5 Nxd5 24. Ne4 f5 25. Bxd5 fxe4 26. dxe4 Qe7 27. a4 Rc8
28. axb5 axb5 29. Bc6 Red8 30. Bxb5 c6 31. Bc4 c5 32. b5 Qb7 33. h4 h5 34. Ra6
Kh7 35. Qf6 Re8 36. Bd5 Qe7 37. Qxe7 Rxe7 38. c4 Rb8 39. Rc6 Rd7 40. Rxc5 Rb6
41. Ra1 Rd8 42. f3 f5 43. Ra7+ Kh8 44. Re7 fxe4 45. fxe4 Re8 46. Rxe8+ Bxe8 47.
Rc8 Kg7 48. Rxe8 Kf6 49. Rh8 Kg6 50. Rc8 Kf6 51. Rc6+ 1-0

[Event "DVM U12 2015"]
[Site "Magdeburg GER"]
[Date "2015.12.27"]
[Round "1"]
[White "Gerold, Robin"]
[Black "Grunwald, Jonathan"]
[Result "0-1"]
[Termination "normal"]
[Board "8.2"]
[WhiteElo "1090"]
[BlackElo "1643"]
[WhiteTeam "SF HN-Biberach 1978"]
[BlackTeam "Biebertaler SF"]
[PlyCount "106"]
[WhiteFideId "16235185"]
[BlackFideId "12955744"]
[EventCountry "GER"]
[EventRounds "7"]
[EventType "team-swiss"]
[EventDate "2015.12.26"]

1. e4 e5 2. Nf3 Nc6 3. Bc4 Bc5 4. d3 d6 5. Be3 Bb6 6. Nc3 Nf6 7. h3 h6 8. Ne2
Be6 9. Bb3 O-O 10. O-O Qd7 11. Bxe6 Qxe6 12. Qd2 Nd7 13. c3 f5 14. exf5 Qxf5
15. Ng3 Qe6 16. Rfe1 d5 17. Bxb6 axb6 18. d4 e4 19. Nh4 Ne7 20. Nf3 Nf5 21.
Nxf5 Qxf5 22. Nh2 Rf6 23. Ng4 Rg6 24. Ne3 Qxh3 25. Qe2 Nf6 26. Rf1 Nh5 27. f3
Nf4 28. Qc2 Rg5 29. g4 exf3 30. Rf2 Qg3+ 31. Kf1 Ne2 32. Ke1 Qg1+ 33. Rf1 Qxe3
34. Qd2 Qxd2+ 35. Kxd2 Rf8 36. Rf2 Rxg4 37. Raf1 Rg2 38. Rxg2 fxg2 39. Rxf8+
Kxf8 40. Kxe2 g1=Q 41. Kd2 Qf2+ 42. Kc1 Ke7 43. a3 Ke6 44. Kb1 c5 45. dxc5 bxc5
46. Ka2 c4 47. a4 Kd6 48. a5 Kc5 49. a6 bxa6 50. Ka1 Kb5 51. Ka2 Ka4 52. Kb1
Kb3 53. Kc1 Qc2# 0-1

[Event "DVM U12 2015"]
[Site "Magdeburg GER"]
[Date "2015.12.27"]
[Round "1"]
[White "Engert, Kiyan"]
[Black "Melzig, Antonio"]
[Result "1-0"]
[Termination "normal"]
[Board "8.3"]
[WhiteElo "1472"]
[BlackElo "1215"]
[WhiteTeam "Biebertaler SF"]
[BlackTeam "SF HN-Biberach 1978"]
[PlyCount "73"]
[WhiteFideId "16214870"]
[BlackFideId "16252764"]
[EventCountry "GER"]
[EventRounds "7"]
[EventType "team-swiss"]
[EventDate "2015.12.26"]

1. d4 d5 2. Nf3 Nf6 3. e3 Bd7 4. c4 e6 5. Qb3 Bc6 6. Nc3 Be7 7. Ne5 b6 8. Nxc6
Nxc6 9. cxd5 Nxd5 10. Bb5 O-O 11. Bxc6 Rb8 12. Bxd5 exd5 13. Qxd5 Qxd5 14. Nxd5
Bd6 15. Bd2 a5 16. O-O Rfe8 17. Rac1 Rbc8 18. Rfe1 c6 19. Nxb6 Rb8 20. Rxc6 Be7
21. Bxa5 Bd8 22. a3 Bxb6 23. Bxb6 f6 24. b4 Ra8 25. Ra1 Reb8 26. Bc5 Rd8 27. a4
Rd7 28. b5 Rb7 29. b6 Rd8 30. a5 Rdd7 31. a6 Rb8 32. a7 Ra8 33. Rc7 Rxc7 34.
bxc7 Kh8 35. c8=Q+ Rxc8 36. a8=Q Rxa8 37. Rxa8# 1-0

[Event "DVM U12 2015"]
[Site "Magdeburg GER"]
[Date "2015.12.27"]
[Round "1"]
[White "Dittmar, Elia"]
[Black "Peschel, Julia"]
[Result "0-1"]
[Termination "normal"]
[Board "8.4"]
[WhiteElo "1018"]
[BlackElo "1044"]
[WhiteTeam "SF HN-Biberach 1978"]
[BlackTeam "Biebertaler SF"]
[PlyCount "104"]
[WhiteFideId "16269098"]
[BlackFideId "16255593"]
[EventCountry "GER"]
[EventRounds "7"]
[EventType "team-swiss"]
[EventDate "2015.12.26"]

1. e4 e5 2. Nf3 Nc6 3. Bb5 Nf6 4. Nc3 d6 5. O-O Bg4 6. Nd5 a6 7. Bc4 Nd4 8.
Nxf6+ Qxf6 9. Be2 Nxf3+ 10. Bxf3 Bxf3 11. Qxf3 Qxf3 12. gxf3 Be7 13. d3 Rf8 14.
Kh1 f5 15. exf5 Rxf5 16. Rg1 g6 17. Rg3 O-O-O 18. Be3 Rdf8 19. Kg2 R8f7 20. a4
Kd8 21. b4 d5 22. c3 b6 23. Rb1 c5 24. bxc5 Bxc5 25. Bxc5 bxc5 26. Rb6 R5f6 27.
Rb8+ Kc7 28. Re8 Kd6 29. Ra8 Kc7 30. Ra7+ Kd8 31. Ra8+ Kd7 32. Ra7+ Kd8 33.
Rxf7 Rxf7 34. Rg5 Re7 35. d4 exd4 36. Rxd5+ Rd7 37. c4 Rxd5 38. cxd5 c4 39. Kf1
Kd7 40. Ke1 Kd6 41. Kd2 Kxd5 42. Kc2 a5 43. Kd2 Kc5 44. Kc2 Kb4 45. Kb2 Kxa4
46. Ka2 d3 47. Kb2 Kb4 48. Ka2 d2 49. Kb2 d1=Q 50. Ka2 Qb3+ 51. Ka1 Ka3 52. h4
Qb2# 0-1

[Event "DVM U12 2015"]
[Site "Magdeburg GER"]
[Date "2015.12.27"]
[Round "1"]
[White "Schubert, Christoph"]
[Black "Bosselmann, Tom Linus"]
[Result "0-1"]
[Termination "normal"]
[Board "9.1"]
[WhiteElo "1447"]
[BlackElo "1789"]
[WhiteTeam "USV TU Dresden"]
[BlackTeam "Lübecker SV von 1873"]
[PlyCount "58"]
[BlackFideId "12983845"]
[EventCountry "GER"]
[EventRounds "7"]
[EventType "team-swiss"]
[EventDate "2015.12.26"]

1. e4 c5 2. Nf3 e6 3. d4 cxd4 4. Nxd4 a6 5. Nc3 Qc7 6. Be2 Nf6 7. a3 Be7 8. Be3
d6 9. O-O b5 10. Bf3 Bb7 11. Re1 Nbd7 12. Rb1 Ne5 13. Bc1 Nxf3+ 14. Qxf3 Nd7
15. Qg4 Bf6 16. Qd1 O-O 17. Ndxb5 axb5 18. Nxb5 Qb6 19. Nxd6 Ba6 20. Be3 Qc6
21. f4 Rad8 22. e5 Nxe5 23. Bd4 Nf3+ 24. gxf3 Rxd6 25. c3 Rfd8 26. Rc1 Bxd4+
27. cxd4 Qb6 28. Re4 Rxd4 29. Rxd4 Rxd4 0-1

[Event "DVM U12 2015"]
[Site "Magdeburg GER"]
[Date "2015.12.27"]
[Round "1"]
[White "Rietschel, Tilo"]
[Black "Wehner, Tobias"]
[Result "1-0"]
[Termination "normal"]
[Board "9.2"]
[WhiteElo "1692"]
[BlackElo "1296"]
[WhiteTeam "Lübecker SV von 1873"]
[BlackTeam "USV TU Dresden"]
[PlyCount "99"]
[WhiteFideId "16208390"]
[BlackFideId "16224000"]
[EventCountry "GER"]
[EventRounds "7"]
[EventType "team-swiss"]
[EventDate "2015.12.26"]

1. e4 e5 2. Nf3 Nc6 3. Bb5 a6 4. Ba4 Nf6 5. O-O Bc5 6. c3 O-O 7. d4 exd4 8.
cxd4 Bb4 9. a3 Ba5 10. Bg5 d6 11. Bxc6 bxc6 12. Qa4 Bb6 13. e5 h6 14. Bh4 g5
15. Nxg5 Nh5 16. Nf3 Qe8 17. Nbd2 Kh8 18. Ne4 Rg8 19. Nf6 Nxf6 20. Bxf6+ Kh7
21. Qc2+ Rg6 22. Nh4 Qg8 23. Nxg6 Qxg6 24. Qxg6+ Kxg6 25. Rfd1 Bg4 26. f3 Bf5
27. g4 Bc2 28. Rd2 Ba4 29. h4 Re8 30. Kg2 c5 31. h5+ Kh7 32. exd6 Re6 33. Bh4
Rxd6 34. d5 Bc6 35. Rad1 Ba4 36. Rc1 Bc6 37. Bg3 Rd7 38. b4 c4 39. d6 Be3 40.
Rxc4 Bxd2 41. Rxc6 cxd6 42. Rxd6 Rxd6 43. Bxd6 Be3 44. Bc7 Kg7 45. a4 a5 46. b5
Kf6 47. b6 Kg5 48. b7 Ba7 49. Kg3 f5 50. Bd8# 1-0

[Event "DVM U12 2015"]
[Site "Magdeburg GER"]
[Date "2015.12.27"]
[Round "1"]
[White "Thamm, Marti Jann"]
[Black "Silini, Jalel"]
[Result "1/2-1/2"]
[Termination "normal"]
[Board "9.3"]
[WhiteElo "1055"]
[BlackElo "1187"]
[WhiteTeam "USV TU Dresden"]
[BlackTeam "Lübecker SV von 1873"]
[PlyCount "43"]
[BlackFideId "16215397"]
[EventCountry "GER"]
[EventRounds "7"]
[EventType "team-swiss"]
[EventDate "2015.12.26"]

1. e4 e5 2. Nf3 Nc6 3. Bb5 Nf6 4. Nc3 Bc5 5. d3 d6 6. Bg5 h6 7. Bh4 g5 8. Bg3
g4 9. Nd2 Nh5 10. Qe2 Bd7 11. Nb3 Nd4 12. Bxd7+ Qxd7 13. Nxd4 Nxg3 14. hxg3
Bxd4 15. Qd2 Qe6 16. Nb5 Bb6 17. f4 O-O-O 18. f5 Qd7 19. Nc3 Ba5 20. O-O-O d5
21. Qf2 d4 22. Nb1 1/2-1/2

[Event "DVM U12 2015"]
[Site "Magdeburg GER"]
[Date "2015.12.27"]
[Round "1"]
[White "Maas, Kolja"]
[Black "Petzold, Maik"]
[Result "1-0"]
[Termination "normal"]
[Board "9.4"]
[WhiteElo "1139"]
[BlackElo "820"]
[WhiteTeam "Lübecker SV von 1873"]
[BlackTeam "USV TU Dresden"]
[PlyCount "103"]
[WhiteFideId "16220420"]
[BlackFideId "12975087"]
[EventCountry "GER"]
[EventRounds "7"]
[EventType "team-swiss"]
[EventDate "2015.12.26"]

1. e4 e5 2. Nf3 Nc6 3. Bb5 Nf6 4. Nc3 a6 5. Ba4 Bc5 6. Nxe5 Nxe5 7. d4 Bb4 8.
dxe5 Nxe4 9. Qd4 Bxc3+ 10. bxc3 f5 11. e6 Qe7 12. exd7+ Bxd7 13. Bxd7+ Kf8 14.
O-O Rd8 15. Rd1 c5 16. Qd5 Nf6 17. Qxf5 g6 18. Bh6+ Kf7 19. Qf3 Rxd7 20. Rxd7
Qxd7 21. Bg5 Qe6 22. Qxb7+ Nd7 23. Qf3+ Nf6 24. Rb1 Re8 25. g3 Kg7 26. Rb7+ Nd7
27. Qd3 Qe1+ 28. Kg2 Qe6 29. Rxd7+ Kf8 30. Rd8 Qc6+ 31. Qf3+ Qxf3+ 32. Kxf3
Rxd8 33. Bxd8 c4 34. Ke4 Ke8 35. Bh4 h6 36. Kd4 g5 37. Kxc4 gxh4 38. gxh4 Kd7
39. Kd5 Kc7 40. c4 Kd7 41. c5 Kc7 42. c6 Kc8 43. Kd6 Kd8 44. c7+ Kc8 45. f4 h5
46. f5 a5 47. f6 a4 48. f7 a3 49. f8=Q+ Kb7 50. Qb8+ Ka6 51. Kc6 Ka5 52. Qb5#
1-0